Scots to consult on third party rights (Record no. 72457)

MARC details
000 -LEADER
fixed length control field 01016cam a2200217 4500
001 - CONTROL NUMBER
control field WB3914-17
008 - FIXED-LENGTH DATA ELEMENTS--GENERAL INFORMATION
fixed length control field 030408n2003 000 0 eng u
035 ## - SYSTEM CONTROL NUMBER
System control number (Sirsi) u121922
245 ## - TITLE STATEMENT
Title Scots to consult on third party rights
260 ## - PUBLICATION, DISTRIBUTION, ETC.
Date of publication, distribution, etc. 2003
490 ## - SERIES STATEMENT
Series statement RICS Planning and Development Faculty News
Volume/sequential designation 4 April 2003 (1)
520 ## - SUMMARY, ETC.
Summary, etc. Proposals in the Scottish Executive's planning white paper may give third party objectors in Scotland the right to appeal against planning decisions. "Your place, your plan" is designed to enhance public involvement and speed up the planning process. The white paper is available at www.scotland.gov.uk/library5/planning/ypyp-00.asp. www.rics.org/ricscms/bin/show?class=News&template=/includes/shownews.html&id=5389
590 ## - LOCAL NOTE (RLIN)
Local note WB
650 ## - SUBJECT ADDED ENTRY--TOPICAL TERM
Topical term or geographic name entry element SCOTLAND
650 ## - SUBJECT ADDED ENTRY--TOPICAL TERM
Topical term or geographic name entry element THIRD PARTY RIGHTS
650 ## - SUBJECT ADDED ENTRY--TOPICAL TERM
Topical term or geographic name entry element RIGHT TO APPEAL
650 ## - SUBJECT ADDED ENTRY--TOPICAL TERM
Topical term or geographic name entry element PLANNING REFORM
650 ## - SUBJECT ADDED ENTRY--TOPICAL TERM
Topical term or geographic name entry element PLANNING SYSTEM
690 ## - LOCAL SUBJECT ADDED ENTRY--TOPICAL TERM (OCLC, RLIN)
Topical term or geographic name as entry element ENVIRONMENTAL AND LAND CONSULTANCY-PLANNING AND DEVELOPMENT
942 ## - ADDED ENTRY ELEMENTS (KOHA)
Suppress in OPAC 0
Holdings
Withdrawn status Lost status Source of classification or shelving scheme Damaged status Not for loan Home library Current library Shelving location Date acquired Total Checkouts Full call number Barcode Date last seen Copy number Price effective from Koha item type
    Dewey Decimal Classification     London London News article 08/04/2003   WB3914-17 121922-1001 06/08/2019 1 06/08/2019 News article